Statistics for World Capitals By Letter - L

Click here to take the quiz!

General Stats

  • This quiz has been taken 30,699 times
  • The average score is 7 of 11

Answer Stats

Country Capital City % Correct
PeruLima
91%
United KingdomLondon
87%
PortugalLisbon
86%
LuxembourgLuxembourg
78%
BoliviaLa Paz
71%
SloveniaLjubljana
66%
AngolaLuanda
61%
ZambiaLusaka
53%
TogoLomé
47%
GabonLibreville
45%
MalawiLilongwe
43%

Score Distribution

Percentile by Number Answered

Percent of People with Each Score

Your Score History

You have not taken this quiz